Thermodynamics and an Introduction to Thermostatistics

Αποθηκεύτηκε σε:
Λεπτομέρειες βιβλιογραφικής εγγραφής
Κύριος συγγραφέας: Callen, Herbert B.
Μορφή: Βιβλίο
Γλώσσα:English
Δημοσίευση: New York : John Wiley, c1985
Έκδοση:2nd ed.
Θέματα:
Ετικέτες: Προσθήκη ετικέτας
Δεν υπάρχουν, Καταχωρήστε ετικέτα πρώτοι!

MARC

LEADER 00000nam a2200000 i 4500
001 1/35261
008 941103s1985 eng d
020 |a 0-471-61056-9 
035 |a 1990  |c ΒΕΛΓΑΚΗΣ  |l 10039896 
040 |a GR-MY-UA  |b gre  |e aacr 
041 0 |a eng 
082 0 |a 536.7 
100 1 |a Callen, Herbert B. 
245 1 0 |a Thermodynamics and an Introduction to Thermostatistics /  |c Herbert B. Callen 
250 |a 2nd ed. 
260 |a New York :   |b John Wiley,   |c c1985 
300 |a 493 p.;  |c 24 cm. 
500 |a Includes bibliographical references and index 
650 0 0 |a Thermodynamics. 
650 0 0 |a Statistical mechanics. 
852 |a INST  |b SAMOS  |e 19941103  |h 536.7 CAL  |p 005300004025  |q 005300004025  |t BK  |y 0 
909 |a Σ  |b 018336